| 000 | 00000nam 2200000zi 4500 |
| 001 | 9.945448 |
| 003 | CaOODSP |
| 005 | 20241122111023 |
| 006 | m o d f |
| 007 | cr |n||||||||| |
| 008 | 241122t19871987onco o f000 0|eng d |
| 020 | |z0662152700 |
| 040 | |aCaOODSP|beng|erda|cCaOODSP |
| 043 | |an-cn--- |
| 086 | 1 |aCo22-75/1987E-PDF|zCo22-75/1987E |
| 245 | 00|aSatellite communications working for you / |cThe Satellite Communications Applications Program [SCAP]. |
| 264 | 1|a[Ottawa] : |bGovernment of Canada, Department of Communications = Gouvernement de Canada, Ministère des Communications, |c[1987] |
| 264 | 4|c©1987 |
| 300 | |a1 online resource (14 pages) : |bcolour photographs |
| 336 | |atext|btxt|2rdacontent |
| 337 | |acomputer|bc|2rdamedia |
| 338 | |aonline resource|bcr|2rdacarrier |
| 500 | |aDigitized edition from print [produced by Innovation, Science and Economic Development Canada]. |
| 500 | |aIssued also in French under title: Les télécommunications par satellite : pour vous servir. |
| 650 | 0|aArtificial satellites in telecommunication|zCanada. |
| 710 | 1 |aCanada. |bDepartment of Communications, |eissuing body. |
| 775 | 08|tLes télécommunications par satellite : |w(CaOODSP)9.945454 |
| 856 | 40|qPDF|s4.31 MB|uhttps://publications.gc.ca/collections/collection_2024/isde-ised/co22/Co22-75-1987-eng.pdf |